School based factors influencing implementation of special needs education curriculum in special needs units in public primary schools in Kitui west sub-county kenya (Record no. 18780)
[ view plain ]
| 000 -LEADER | |
|---|---|
| fixed length control field | 00416nam a22001097a 4500 |
| 050 ## - LIBRARY OF CONGRESS CALL NUMBER | |
| Classification Number | (The) LC 3965 |
| Item Number | .K5 2024 |
| 100 ## - MAIN ENTRY--Author | |
| Personal name | Kimanzi Videma |
| 245 ## - TITLE | |
| Title | School based factors influencing implementation of special needs education curriculum in special needs units in public primary schools in Kitui west sub-county kenya |
| 300 ## - PHYSICAL DESCRIPTION | |
| Extent | 88p. |
| 650 ## - SUBJECT--TOPIC | |
| Topical term following geographic name as entry element | education |
| Form subdivision | Special needs education curriculum |
| 942 ## - ADDED ENTRY ELEMENTS(KOHA) | |
| Source of classification or shelving scheme | Library of Congress Classification |
| Koha item type | Thesis |
| Source of classification or shelving scheme | Not for loan | Location (home branch) | Sublocation (holding branch) | Date accessioned | Full call number | Barcode | Koha item type |
|---|---|---|---|---|---|---|---|
| Library of Congress Classification | Wote Campus Library | Wote Campus Library | 09/03/2026 | (The) LC 3965 .K5 2024 | 2024/027124 | Thesis |